[Event "Chigorin Memorial 2016"]
[Site "St Petersburg RUS"]
[Date "2016.10.19"]
[Round "5.9"]
[White "Xu, Yinglun"]
[Black "Lu, Shanglei"]
[Result "1/2-1/2"]
[BlackTitle "GM"]
[WhiteElo "2526"]
[BlackElo "2615"]
[WhiteFideId "8604940"]
[BlackFideId "8603332"]
[EventDate "2016.10.15"]

1. d4 d5 2. c4 e6 3. Nc3 Be7 4. Nf3 Nf6 5. Bg5 h6 6. Bxf6 Bxf6 7. e3 O-O 8. Rc1
c6 9. Bd3 Nd7 10. O-O dxc4 11. Bxc4 e5 12. h3 exd4 13. exd4 Nb6 14. Bb3 Bf5 15.
Re1 Re8 16. Rxe8+ Qxe8 17. Qd2 Qd7 18. Re1 a5 19. a3 Re8 20. Rxe8+ Qxe8 21. Qf4
Be6 22. Bxe6 Qxe6 23. Qc7 Nc4 24. Qxb7 Bxd4 25. Nxd4 Qe1+ 26. Kh2 Qe5+ 27. Kg1
Qe1+ 28. Kh2 Qe5+ 29. g3 Qxd4 30. Qc8+ Kh7 31. Qf5+ Kg8 32. Qc8+ Kh7 33. Qf5+
Kg8 34. Qc8+ 1/2-1/2

[Event "Chigorin Memorial 2016"]
[Site "St Petersburg RUS"]
[Date "2016.10.19"]
[Round "5.10"]
[White "Gabrielian, Artur"]
[Black "Jumabayev, Rinat"]
[Result "0-1"]
[WhiteTitle "GM"]
[BlackTitle "GM"]
[WhiteElo "2524"]
[BlackElo "2609"]
[WhiteFideId "4131002"]
[BlackFideId "13702661"]
[EventDate "2016.10.15"]

1. e4 c5 2. Nf3 d6 3. d4 cxd4 4. Nxd4 Nf6 5. Nc3 a6 6. f3 e6 7. Be3 b5 8. Qd2 b4
9. Na4 Nbd7 10. O-O-O Qa5 11. b3 Bb7 12. Kb1 Nc5 13. a3 Nxa4 14. axb4 Qc7 15.
bxa4 Be7 16. c4 O-O 17. Bd3 Rfb8 18. Rc1 Qd7 19. Bc2 d5 20. Bf4 dxc4 21. Bxb8
Rxb8 22. Rhd1 Qc7 23. Ka2 Bd5 24. exd5 Nxd5 25. b5 axb5 26. Nxb5 Rxb5 27. axb5
Bb4 28. Bxh7+ Kxh7 29. Qb2 Qa5+ 30. Kb1 Ba3 31. Qa2 Qxb5+ 32. Ka1 Be7 33. Qxc4
Bf6+ 34. Rd4 Qa5+ 35. Kb1 Qb6+ 36. Ka2 Bxd4 0-1

[Event "Chigorin Memorial 2016"]
[Site "St Petersburg RUS"]
[Date "2016.10.19"]
[Round "5.11"]
[White "Kovalev, Vladislav"]
[Black "Brodsky, Michail"]
[Result "1-0"]
[WhiteTitle "GM"]
[BlackTitle "GM"]
[WhiteElo "2609"]
[BlackElo "2524"]
[WhiteFideId "13504398"]
[BlackFideId "14100932"]
[EventDate "2016.10.15"]

1. Nf3 e6 2. g3 b5 3. Bg2 Bb7 4. O-O c5 5. d3 d6 6. e4 Be7 7. a4 b4 8. Nbd2 Nd7
9. Nc4 Ngf6 10. Bf4 e5 11. Bd2 O-O 12. a5 Rb8 13. Nh4 g6 14. f4 Ne8 15. Nf3 Ng7
16. Kh1 exf4 17. Bxf4 Qc7 18. g4 f6 19. Qd2 Ne5 20. Ne3 Rf7 21. Bh6 Qd7 22. Nxe5
dxe5 23. g5 Nh5 24. a6 Bc6 25. Nc4 Qe6 26. gxf6 Bxf6 27. Be3 Bb5 28. Na5 Be7 29.
Rxf7 Qxf7 30. Nb7 Qf8 31. Ra5 Bxa6 32. Nxc5 Bc8 33. Qf2 Nf6 34. Rxa7 Bg4 35. h3
Rc8 36. Ra5 Nd7 37. Nxd7 Qxf2 38. Bxf2 Bxd7 39. Ra7 1-0

[Event "Chigorin Memorial 2016"]
[Site "St Petersburg RUS"]
[Date "2016.10.19"]
[Round "5.13"]
[White "Moskalenko, Alexander"]
[Black "Timofeev, Artyom"]
[Result "1/2-1/2"]
[WhiteTitle "IM"]
[BlackTitle "GM"]
[WhiteElo "2490"]
[BlackElo "2601"]
[WhiteFideId "4155351"]
[BlackFideId "4140419"]
[EventDate "2016.10.15"]

1. e4 c5 2. Nf3 Nc6 3. Bb5 e6 4. Bxc6 bxc6 5. b3 Ne7 6. Bb2 Ng6 7. h4 h5 8. e5
Be7 9. Nc3 f6 10. Ne4 fxe5 11. Bxe5 d5 12. Neg5 O-O 13. O-O Nxe5 14. Nxe5 Bxg5
15. hxg5 Qxg5 16. f4 Rxf4 17. Rxf4 Qxf4 18. Qxh5 Qd4+ 19. Kh2 Qxa1 20. Qe8+ Kh7
21. Qg6+ Kg8 22. Qe8+ Kh7 23. Qh5+ Kg8 24. Qe8+ Kh7 1/2-1/2

[Event "Chigorin Memorial 2016"]
[Site "St Petersburg RUS"]
[Date "2016.10.19"]
[Round "5.14"]
[White "Shevchenko, Kirill"]
[Black "Rozum, Ivan"]
[Result "1/2-1/2"]
[WhiteTitle "IM"]
[BlackTitle "GM"]
[WhiteElo "2447"]
[BlackElo "2590"]
[WhiteFideId "14129574"]
[BlackFideId "24104272"]
[EventDate "2016.10.15"]

1. e4 c5 2. Nf3 Nf6 3. Nc3 d5 4. exd5 Nxd5 5. Bb5+ Bd7 6. Ne5 Nf6 7. Qf3 Qc8 8.
Bxd7+ Nbxd7 9. Nc4 Nb8 10. Na5 Nc6 11. Nxc6 Qxc6 12. Qxc6+ bxc6 13. d3 Nd5 14.
Bd2 e5 15. O-O-O f6 16. Rhf1 Be7 17. Rde1 Kf7 18. Nxd5 cxd5 19. f4 exf4 20. Bxf4
Rhe8 21. c4 Rad8 22. Kc2 Rd7 23. Bd2 dxc4 24. dxc4 Rd4 25. b3 Rg4 26. Rf2 Bd6
27. Rxe8 Kxe8 28. Re2+ Kd7 29. h3 Rg3 30. Be1 Rg6 31. Kd3 f5 32. Ke3 Rf6 33. Bc3
Rg6 34. Be1 Rf6 35. Bc3 Rg6 36. Be1 Rf6 1/2-1/2

[Event "Chigorin Memorial 2016"]
[Site "St Petersburg RUS"]
[Date "2016.10.19"]
[Round "5.16"]
[White "Shuvalova, Polina"]
[Black "Artemiev, Vladislav"]
[Result "1/2-1/2"]
[WhiteTitle "WFM"]
[BlackTitle "GM"]
[WhiteElo "2393"]
[BlackElo "2663"]
[WhiteFideId "24171760"]
[BlackFideId "24101605"]
[EventDate "2016.10.15"]

1. d4 Nf6 2. c4 c5 3. d5 b5 4. cxb5 a6 5. bxa6 g6 6. Nc3 Bg7 7. e4 O-O 8. Nf3
Qa5 9. Bd2 Bxa6 10. Be2 Bxe2 11. Qxe2 Qa6 12. h3 d6 13. a4 Qxe2+ 14. Kxe2 Na6
15. Rhb1 Rfb8 16. Ne1 c4 17. Nc2 Nc5 18. f3 Nfd7 19. Ne3 Nb3 20. Ra3 Nb6 21.
Ncd1 Nxa4 22. Nxc4 Nd4+ 23. Kf1 Nc2 24. Ra2 Nb4 25. Ra3 Nc2 26. Ra2 Nb4 27. Ra3
Nc2 28. Ra2 Nb4 29. Ra3 Nc2 1/2-1/2

[Event "Chigorin Memorial 2016"]
[Site "St Petersburg RUS"]
[Date "2016.10.19"]
[Round "5.17"]
[White "Fier, Alexandr"]
[Black "Apryshko, Gleb"]
[Result "1-0"]
[WhiteTitle "GM"]
[BlackTitle "FM"]
[WhiteElo "2614"]
[BlackElo "2392"]
[WhiteFideId "2107139"]
[BlackFideId "24131792"]
[EventDate "2016.10.15"]

1. d4 Nf6 2. c4 e6 3. Nc3 Bb4 4. e3 b6 5. Ne2 c5 6. a3 Ba5 7. Rb1 Na6 8. g3 Bb7
9. d5 b5 10. Bg2 b4 11. axb4 cxb4 12. Nb5 Qb8 13. O-O e5 14. f4 Bb6 15. fxe5
Qxe5 16. Ned4 1-0

[Event "Chigorin Memorial 2016"]
[Site "St Petersburg RUS"]
[Date "2016.10.19"]
[Round "5.18"]
[White "Bok, Benjamin"]
[Black "Saveliev, Alexei"]
[Result "1/2-1/2"]
[WhiteTitle "GM"]
[WhiteElo "2594"]
[BlackElo "2392"]
[WhiteFideId "1017063"]
[BlackFideId "24128546"]
[EventDate "2016.10.15"]

1. e4 c5 2. Nc3 Nc6 3. Bb5 Nd4 4. Nf3 e6 5. O-O a6 6. Bd3 Nc6 7. Be2 Nf6 8. d4
cxd4 9. Nxd4 Qc7 10. Be3 Be7 11. f4 d6 12. Qe1 O-O 13. Qg3 Bd7 14. Kh1 b5 15. a3
Nxd4 16. Bxd4 Bc6 17. Rae1 Rac8 18. Bd3 e5 19. fxe5 Nh5 20. Qf2 dxe5 21. Bb6 Qb7
22. Be3 g6 23. Bh6 Ng7 24. Nd1 f6 25. Qe2 Rf7 26. c4 bxc4 27. Bxc4 Bb5 28. Bxb5
Qxb5 29. Qg4 Rd8 30. Bxg7 Kxg7 31. Ne3 Qxb2 32. Nf5+ Kh8 33. Nxe7 Rxe7 34. Qh4
Rf7 35. Rxf6 Rdf8 36. Rxf7 Rxf7 37. Qg3 Kg8 38. h3 Qf2 39. Kh2 Qxg3+ 40. Kxg3
Rf4 41. a4 1/2-1/2

[Event "Chigorin Memorial 2016"]
[Site "St Petersburg RUS"]
[Date "2016.10.19"]
[Round "5.19"]
[White "Aleksandrov, Aleksej"]
[Black "Tologontegin, Semetey"]
[Result "1-0"]
[WhiteTitle "GM"]
[BlackTitle "IM"]
[WhiteElo "2568"]
[BlackElo "2371"]
[WhiteFideId "13500139"]
[BlackFideId "13800574"]
[EventDate "2016.10.15"]

1. d4 Nf6 2. c4 e6 3. Nc3 c5 4. d5 exd5 5. cxd5 d6 6. Nf3 a6 7. a4 g6 8. h3 Bg7
9. e4 O-O 10. Bd3 Nh5 11. O-O Nd7 12. Bg5 Bf6 13. Be3 Ne5 14. Be2 Nxf3+ 15. Bxf3
Ng7 16. Qd2 Re8 17. Rfe1 b6 18. Rab1 Qc7 19. Rec1 Bd7 20. b4 c4 21. b5 axb5 22.
Nxb5 Bxb5 23. Rxb5 Rxa4 24. Rxb6 c3 25. Qd3 Rc4 26. Rxd6 Be5 27. Ra6 Qc8 28. Ra7
h5 29. d6 Rd8 30. d7 Qc6 31. Be2 Rxe4 32. Bf3 Rxe3 33. Qxe3 Qf6 34. Ra8 Ne6 35.
Rxd8+ Nxd8 36. Re1 Bd4 37. Qd3 Kg7 38. Qc4 Qb6 39. Kh1 Bf6 40. Kg1 Bd4 41. Re2
h4 42. Be4 Qa7 43. Qb5 Qa1+ 44. Bb1 Qa3 45. Re8 Bf6 46. Re1 Qd6 47. Qd3 Qf4 48.
Rd1 Be5 49. Kf1 Qh2 50. Qe4 Bf6 51. Ba2 Qh1+ 52. Ke2 Qh2 53. f4 Qg3 54. Qf3 Qh2
55. Bd5 Kf8 56. Kd3 Kg7 57. Kc2 Kf8 58. Qf2 Kg8 59. Ra1 Kh7 60. Ra6 Qh1 61. Rxf6
Qa1 62. Rb6 Qa4+ 63. Bb3 1-0

[Event "Chigorin Memorial 2016"]
[Site "St Petersburg RUS"]
[Date "2016.10.19"]
[Round "5.20"]
[White "Vokhidov, Shamsiddin"]
[Black "Fedorov, Alexei"]
[Result "0-1"]
[WhiteTitle "IM"]
[BlackTitle "GM"]
[WhiteElo "2366"]
[BlackElo "2567"]
[WhiteFideId "14204223"]
[BlackFideId "13500465"]
[EventDate "2016.10.15"]

1. e4 c5 2. Nf3 Nc6 3. Bb5 e6 4. O-O Nge7 5. Re1 Nd4 6. Nxd4 cxd4 7. d3 a6 8.
Ba4 b5 9. Bb3 Nc6 10. Nd2 Bb7 11. f4 Qc7 12. Nf3 Bd6 13. Qd2 h6 14. Rf1 O-O-O
15. c3 dxc3 16. bxc3 g5 17. e5 Be7 18. c4 g4 19. Ne1 Qb6+ 20. Kh1 h5 21. cxb5
axb5 22. d4 h4 23. d5 h3 24. g3 Nd4 25. Rf2 Nxb3 26. axb3 Bc5 27. Nd3 Bxf2 28.
Qxf2 Qxf2 29. Nxf2 Bxd5+ 30. Kg1 Kb7 31. Be3 Ra8 32. Rb1 Ra2 0-1

[Event "Chigorin Memorial 2016"]
[Site "St Petersburg RUS"]
[Date "2016.10.19"]
[Round "5.21"]
[White "Sutormin, Danila"]
[Black "Gordievsky, Dmitry"]
[Result "1/2-1/2"]
[WhiteTitle "FM"]
[BlackTitle "IM"]
[WhiteElo "2363"]
[BlackElo "2555"]
[WhiteFideId "24108669"]
[BlackFideId "24112798"]
[EventDate "2016.10.15"]

1. e4 c5 2. c3 Nf6 3. e5 Nd5 4. d4 cxd4 5. Nf3 Nc6 6. cxd4 d6 7. Bc4 dxe5 8.
dxe5 Ndb4 9. Qb3 e6 10. Nc3 Nd3+ 11. Bxd3 Qxd3 12. Qb5 Qxb5 13. Nxb5 Bb4+ 14.
Ke2 O-O 15. a3 Be7 16. Rd1 b6 17. Nd6 Ba6+ 18. Ke1 f6 19. exf6 Bxf6 20. Ne4 Be5
21. Be3 Bxb2 22. Ra2 Bf6 23. Nxf6+ gxf6 24. Rc2 Ne7 25. Rd6 Rac8 26. Rxc8 Bxc8
27. Nd4 Kf7 28. Nb5 Nd5 29. Nxa7 Ke7 30. Rc6 Bd7 31. Rc4 Ra8 32. Nc6+ Bxc6 33.
Rxc6 Rxa3 34. Rc8 Kf7 35. Ke2 Rb3 36. h4 h5 37. Rh8 Rb5 38. Kf3 Nxe3 39. fxe3
Kg7 40. Re8 Kf7 41. Rh8 Rf5+ 42. Ke2 Ra5 43. Kf3 Rf5+ 44. Ke2 Kg7 45. Re8 Re5
46. Rb8 Rb5 47. Kf3 Rb4 48. g3 b5 49. Rb6 e5 50. Rb8 Kg6 51. Rh8 Rc4 52. Rb8 Rb4
53. Rh8 Rb1 54. Ke4 b4 55. Rg8+ Kf7 56. Rb8 Kg6 57. Rg8+ Kh7 58. Rb8 b3 59. Kf5
b2 60. Ke6 Kg7 61. Rb7+ Kg6 62. e4 Ra1 63. Rxb2 Ra6+ 64. Kd5 Ra5+ 65. Ke6 Ra6+ 1/2-1/2

[Event "Chigorin Memorial 2016"]
[Site "St Petersburg RUS"]
[Date "2016.10.19"]
[Round "5.22"]
[White "Chigaev, Maksim"]
[Black "Dilmukhametov, Artur"]
[Result "1-0"]
[WhiteTitle "IM"]
[WhiteElo "2551"]
[BlackElo "2347"]
[WhiteFideId "4108116"]
[BlackFideId "24179922"]
[EventDate "2016.10.15"]

1. c4 c6 2. e4 d5 3. exd5 cxd5 4. d4 Nf6 5. Nc3 Nc6 6. Bg5 Qa5 7. Nf3 Ne4 8.
cxd5 Nxc3 9. bxc3 Qxd5 10. c4 Qe4+ 11. Be2 e5 12. O-O Nxd4 13. Re1 Be6 14. c5
Nxe2+ 15. Rxe2 Qd5 16. Rd2 1-0

[Event "Chigorin Memorial 2016"]
[Site "St Petersburg RUS"]
[Date "2016.10.19"]
[Round "5.23"]
[White "Bartel, Michal"]
[Black "Yuffa, Daniil"]
[Result "1-0"]
[WhiteTitle "FM"]
[BlackTitle "IM"]
[WhiteElo "2357"]
[BlackElo "2534"]
[WhiteFideId "1119257"]
[BlackFideId "24131423"]
[EventDate "2016.10.15"]

1. e4 Nf6 2. e5 Nd5 3. d4 d6 4. c4 Nb6 5. exd6 exd6 6. Nc3 Be7 7. Bd3 O-O 8.
Nge2 Nc6 9. b3 Bg4 10. f3 Bh5 11. O-O Re8 12. Be3 d5 13. c5 Nc8 14. Qd2 Nb4 15.
Bb5 c6 16. a3 Na6 17. Bxa6 bxa6 18. g4 Bg6 19. f4 Be4 20. Ng3 Rb8 21. b4 a5 22.
b5 cxb5 23. Ncxe4 dxe4 24. d5 b4 25. axb4 axb4 26. d6 Bxd6 27. cxd6 Qxd6 28.
Qxd6 Nxd6 29. Bxa7 Rb7 30. Bc5 Nc4 31. Nxe4 h5 32. Rfe1 Rc8 33. Rac1 Nb2 34. Nd6
Nd3 35. Nxc8 1-0

[Event "Chigorin Memorial 2016"]
[Site "St Petersburg RUS"]
[Date "2016.10.19"]
[Round "5.24"]
[White "Sergienko, Sergey"]
[Black "Lintchevski, Daniil"]
[Result "1/2-1/2"]
[WhiteTitle "IM"]
[BlackTitle "GM"]
[WhiteElo "2361"]
[BlackElo "2522"]
[WhiteFideId "4115791"]
[BlackFideId "4171055"]
[EventDate "2016.10.15"]

1. Nf3 c5 2. e4 Nc6 3. Bb5 d6 4. O-O Bd7 5. Re1 Nf6 6. h3 e6 7. c3 Ne5 8. Bxd7+
Qxd7 9. d3 Be7 10. Na3 Nc6 11. Nc4 O-O 12. Qb3 Rad8 13. Bf4 Qc8 14. Rad1 d5 15.
exd5 Rxd5 16. Nce5 Nxe5 17. Bxe5 Rfd8 18. d4 cxd4 19. Rxd4 Rxd4 20. Bxd4 a6 21.
Rd1 h6 22. Be5 Nd7 23. Bf4 Nc5 24. Qc2 Rxd1+ 25. Qxd1 Qc6 26. Be3 Na4 27. Qc2
Qc4 28. a3 b5 29. Ne5 Qd5 30. Nd3 Qa2 31. Qd2 Qd5 32. Qc2 Qa2 33. Qd2 Bf6 34.
Kh2 Qd5 35. Qc2 h5 36. Kg1 Qa2 37. Qc1 Qb3 38. Kh2 Qd5 39. Qc2 g6 40. Kg1 Qa2
41. Qc1 Qb3 42. Kh2 Qd5 43. Qc2 Qe4 44. Qd2 Qd5 1/2-1/2

[Event "Chigorin Memorial 2016"]
[Site "St Petersburg RUS"]
[Date "2016.10.19"]
[Round "5.25"]
[White "Sviridov, Valery"]
[Black "Timerkhanov, Alexander"]
[Result "1/2-1/2"]
[BlackTitle "FM"]
[WhiteElo "2518"]
[BlackElo "2340"]
[WhiteFideId "4120680"]
[BlackFideId "24177938"]
[EventDate "2016.10.15"]

1. g3 d5 2. Nf3 Bg4 3. Bg2 c6 4. h3 Bh5 5. O-O Nd7 6. d3 e6 7. Nbd2 Bc5 8. c4
Ngf6 9. b3 O-O 10. Bb2 Qe7 11. a3 a5 12. Qc2 h6 13. Rfe1 Rfe8 14. Nh4 Ba7 15. e3
Nf8 16. Rac1 Rad8 17. cxd5 cxd5 18. Qc7 Qxc7 19. Rxc7 Rd7 20. Rc2 Bb8 21. Ndf3
e5 22. d4 Bxf3 23. Nxf3 e4 24. Ne5 Rc7 25. Rxc7 Bxc7 26. Rc1 Bd6 27. Bf1 Ne6 28.
Bb5 Rd8 29. Kg2 Kf8 30. Rc2 Ke7 31. Bc1 Ra8 32. g4 Nc7 33. Be2 Nd7 34. Nxd7 Kxd7
35. f3 g6 36. fxe4 dxe4 37. Bc4 Rf8 38. Bd2 b6 39. a4 f5 40. gxf5 gxf5 41. Kf2
Rf6 42. Rc1 Rg6 43. Rg1 Rxg1 44. Kxg1 Bb4 45. Bxb4 axb4 46. Kf2 Ke7 47. Kg3 Kf6
48. Kf4 Ne8 49. Bd5 Ng7 50. Kg3 Nh5+ 51. Kf2 Kg5 52. Bf7 Ng7 53. Bd5 Nh5 54. Bc6
Kf6 55. h4 Ke6 56. Bb7 Kd7 57. Bd5 Nf6 58. Bf7 Ng4+ 59. Ke2 1/2-1/2

[Event "Chigorin Memorial 2016"]
[Site "St Petersburg RUS"]
[Date "2016.10.19"]
[Round "5.26"]
[White "Ofitserian, Boris"]
[Black "Ladva, Ottomar"]
[Result "1/2-1/2"]
[WhiteTitle "FM"]
[BlackTitle "IM"]
[WhiteElo "2351"]
[BlackElo "2513"]
[WhiteFideId "24199443"]
[BlackFideId "4500024"]
[EventDate "2016.10.15"]

1. d4 Nf6 2. c4 e6 3. Nf3 b6 4. e3 Bb7 5. Bd3 d5 6. cxd5 exd5 7. O-O Bd6 8. Nc3
O-O 9. b3 a6 10. Bb2 Nbd7 11. Rc1 Qe7 12. Re1 Ne4 13. Bf1 f5 14. g3 Rae8 15. Bg2
Qf7 16. Re2 Qh5 17. Rec2 c6 18. Ne2 g5 19. Ne5 Nxe5 20. dxe5 Bc5 21. Nd4 Qxd1+
22. Rxd1 g4 23. b4 Bxb4 24. Nxc6 Bc5 25. Na5 bxa5 26. Bxe4 fxe4 27. Rxc5 Rc8 28.
Rdc1 Rxc5 29. Rxc5 Rc8 30. Rxa5 Kf7 31. Bd4 Ke6 32. Ra3 Kd7 33. Rc3 Bc6 34. a4
Ke6 35. Kf1 Bd7 36. Rxc8 Bxc8 37. a5 Bd7 38. Ke1 Bc6 39. Kd2 Bb5 40. Kc3 Bc4 41.
Kb4 Bb5 1/2-1/2

[Event "Chigorin Memorial 2016"]
[Site "St Petersburg RUS"]
[Date "2016.10.19"]
[Round "5.27"]
[White "Pershin, Denis"]
[Black "Levin, Evgeny A."]
[Result "0-1"]
[BlackTitle "GM"]
[WhiteElo "2345"]
[BlackElo "2505"]
[WhiteFideId "24165506"]
[BlackFideId "4182596"]
[EventDate "2016.10.15"]

1. e4 c5 2. Nf3 d6 3. d4 cxd4 4. Nxd4 Nf6 5. Nc3 a6 6. Bg5 e6 7. f4 Nbd7 8. Qf3
Qc7 9. O-O-O b5 10. Bd3 Bb7 11. Rhe1 O-O-O 12. Qg3 b4 13. Nb1 Nc5 14. Nd2 Be7
15. Kb1 h6 16. Bh4 g5 17. fxg5 hxg5 18. Bxg5 Rdg8 19. h4 Nh7 20. Qf2 Nxg5 21.
hxg5 Bxg5 22. Rh1 Rxh1 23. Rxh1 Bxd2 24. Qxd2 Nxe4 25. Qxb4 Nc5 26. Bf1 Be4 27.
Qd2 Qb7 28. Rg1 Kd7 29. Qf2 Bg6 30. Bc4 Rc8 31. Qf6 Qb4 32. Bb3 Nxb3 33. axb3
Qd2 34. Rc1 Qxg2 35. Ka1 Qd5 36. Rg1 Re8 37. Rg5 e5 38. Nf5 Qe6 39. Qxe6+ Rxe6
40. Ne3 Rf6 41. c4 Rf3 42. Nd5 Rxb3 43. Ka2 Rh3 44. c5 Kc6 0-1

[Event "Chigorin Memorial 2016"]
[Site "St Petersburg RUS"]
[Date "2016.10.19"]
[Round "5.28"]
[White "Yatzenko, Anton"]
[Black "Matinian, Nikita"]
[Result "1/2-1/2"]
[BlackTitle "IM"]
[WhiteElo "2339"]
[BlackElo "2495"]
[WhiteFideId "4157826"]
[BlackFideId "24129100"]
[EventDate "2016.10.15"]

1. d4 Nf6 2. c4 g6 3. Nc3 Bg7 4. e4 d6 5. Be2 O-O 6. Nf3 e5 7. Be3 Ng4 8. Bg5 f6
9. Bh4 Nc6 10. d5 Ne7 11. Nd2 h5 12. O-O c5 13. Rb1 Nh6 14. f3 g5 15. Bf2 f5 16.
b4 b6 17. bxc5 bxc5 18. Qa4 g4 19. Rb2 a5 20. Rfb1 Bd7 21. Qd1 gxf3 22. Bxf3 Ng4
23. Bxg4 hxg4 24. exf5 Nxf5 25. Nde4 Nd4 26. Rb6 Bf5 27. Rxd6 Qe7 28. Rdb6 Qe8
29. R1b2 Qh5 30. Be3 Qh7 31. Nxc5 Rac8 32. Ne6 Bh6 33. Qd2 Bxe3+ 34. Qxe3 Bxe6
35. Qg5+ Qg7 36. Qxg7+ Kxg7 37. dxe6 Rxc4 38. e7 Re8 39. Nd5 Nc6 40. Rb7 Rd4 41.
Ne3 Kf7 42. Rf2+ Ke6 43. Rb6 Rd6 44. Nxg4 Kxe7 45. Rb7+ Kd8 46. Rff7 e4 47. Ne3
Rd3 48. Kf2 Re7 49. Rbxe7 Nxe7 50. Rf4 Rd2+ 51. Kg3 Rxa2 52. Rxe4 a4 53. h4 a3
54. Ra4 Ke8 55. h5 Kf7 56. Ra7 Kf8 57. h6 Ra1 58. Kh2 Ng6 59. Nc2 Rc1 60. Nxa3
Rc6 61. Kg3 Kg8 62. Kg4 Ne5+ 63. Kh5 Nf7 64. h7+ Kh8 65. Nb1 Nh6 66. Kg5 Nf7+
67. Kf5 Nh6+ 68. Kf4 Rg6 69. g3 Rg4+ 70. Kf3 Rg7 71. Ra8+ Kxh7 72. Nd2 Rf7+ 73.
Kg2 Re7 74. Nf3 Kg7 75. Ra6 Nf5 76. g4 Re2+ 77. Kf1 Ng3+ 78. Kg1 Rb2 79. Nh4 Rb4
80. Rg6+ Kf7 81. Kf2 Nf5 82. gxf5 1/2-1/2

[Event "Chigorin Memorial 2016"]
[Site "St Petersburg RUS"]
[Date "2016.10.19"]
[Round "5.29"]
[White "Palchun, Grigory"]
[Black "Esipenko, Andrey"]
[Result "1/2-1/2"]
[BlackTitle "FM"]
[WhiteElo "2336"]
[BlackElo "2490"]
[WhiteFideId "24147338"]
[BlackFideId "24175439"]
[EventDate "2016.10.15"]

1. d4 Nf6 2. c4 e6 3. Nc3 Bb4 4. Qc2 c5 5. dxc5 Na6 6. a3 Bxc3+ 7. Qxc3 Nxc5 8.
b4 Nce4 9. Qb2 Nd6 10. c5 Nc4 11. Qc2 d5 12. e4 b5 13. Bxc4 dxc4 14. Bb2 Bb7 15.
f3 a5 16. Ne2 axb4 17. axb4 Rxa1+ 18. Bxa1 O-O 19. O-O Bc6 20. Nd4 Bd7 21. Ne2
Qe7 22. Rd1 Ra8 23. Bxf6 gxf6 24. e5 Be8 25. Qc3 fxe5 26. Qxe5 f6 27. Qe3 e5 28.
Nc3 Rd8 29. Rd2 Bc6 30. Kf2 Kg7 31. Ke1 Rd7 32. Ne4 Ra7 33. Rd6 Ra1+ 34. Kf2
Ra2+ 35. Kg3 Bxe4 36. Qxe4 h5 37. Qf5 Ra7 38. Qxh5 c3 39. Qg4+ Kf8 40. Qg6 Qxd6
41. cxd6 Rg7 42. Qxg7+ Kxg7 43. d7 c2 44. d8=Q c1=Q 45. Qd7+ Kg6 46. Qg4+ Kf7
47. h4 Qe1+ 48. Kh2 Qd2 49. h5 Kf8 50. Kh3 Qc1 51. Kh2 Qd2 52. Qe4 Qg5 53. Qg4
Qd2 54. Qg6 Qxb4 55. Qxf6+ Kg8 56. Qxe5 Qh4+ 57. Kg1 b4 58. g4 Qd8 59. h6 Qd1+
60. Kg2 Qd2+ 61. Kg3 Qc3 62. Qe6+ Kh7 63. g5 b3 64. Qe4+ Kg8 65. g6 Kf8 66. Qe6
Qc7+ 67. Kg4 1/2-1/2

[Event "Chigorin Memorial 2016"]
[Site "St Petersburg RUS"]
[Date "2016.10.19"]
[Round "5.31"]
[White "Soffer, Ram"]
[Black "Drygalov, Andrey"]
[Result "1/2-1/2"]
[WhiteTitle "GM"]
[WhiteElo "2475"]
[BlackElo "2318"]
[WhiteFideId "2800101"]
[BlackFideId "24171735"]
[EventDate "2016.10.15"]

1. e4 e5 2. Nf3 Nc6 3. Bb5 a6 4. Ba4 Nf6 5. O-O Be7 6. d3 b5 7. Bb3 O-O 8. a4
Bb7 9. Nc3 b4 10. Nd5 Na5 11. Nxe7+ Qxe7 12. Ba2 d5 13. exd5 Bxd5 14. Bxd5 Nxd5
15. Re1 f6 16. c4 bxc3 17. bxc3 Qf7 18. Bd2 Nc6 19. a5 Nde7 20. d4 exd4 21. cxd4
Nd5 22. Rc1 Na7 23. Qb3 Nb5 24. Rc6 Rfd8 25. Qc4 Rd6 26. h3 Rad8 27. Rxd6 Rxd6
28. Bf4 Rd8 29. Bg3 h6 30. Rc1 Ne7 31. Qc5 Rd7 32. Re1 Qd5 33. Qxd5+ Nxd5 34.
Re8+ Kf7 35. Ra8 Nb4 36. Bf4 c6 37. Bd2 Nc7 38. Ra7 Nbd5 39. Ne1 Ke7 40. Nd3 Nb5
41. Rxd7+ Kxd7 42. Nc5+ Kd6 43. Nb7+ Kc7 44. Nc5 Nxd4 45. Be3 Nxe3 46. fxe3 Nc2 1/2-1/2

[Event "Chigorin Memorial 2016"]
[Site "St Petersburg RUS"]
[Date "2016.10.19"]
[Round "5.32"]
[White "Matsenko, Andrei"]
[Black "Swayams, Mishra"]
[Result "1/2-1/2"]
[WhiteTitle "FM"]
[BlackTitle "IM"]
[WhiteElo "2317"]
[BlackElo "2472"]
[WhiteFideId "24146501"]
[BlackFideId "5028183"]
[EventDate "2016.10.15"]

1. Nf3 Nf6 2. c4 e6 3. g3 d5 4. Bg2 dxc4 5. Qa4+ Nbd7 6. Qxc4 c5 7. O-O a6 8.
Qc2 Bd6 9. d4 O-O 10. e4 cxd4 11. Nxd4 Qc7 12. Nc3 Rd8 13. Rd1 Nb6 14. Bg5 Bd7
15. Rac1 Rac8 16. Qe2 Qb8 17. Kh1 h6 18. Bxf6 gxf6 19. Qe3 Bf8 20. b3 Rc5 21.
Nce2 Rxc1 22. Rxc1 Qd6 23. f4 Bg7 24. Bf3 Rc8 25. Rxc8+ Nxc8 26. Kg2 Ne7 27. Nc2
Qc7 28. Nb4 Nc6 29. Nd3 Bf8 30. h4 Qa5 31. a4 b5 32. axb5 Qxb5 33. Nec1 Qa5 34.
Be2 Qc3 35. Qb6 Nd4 36. Bf1 Bb5 37. Ne2 Nxe2 38. Bxe2 Qxb3 39. Nf2 Qc2 40. Bxb5
axb5 41. Qxb5 Bc5 42. Qf1 Bxf2 43. Qxf2 Qxe4+ 44. Kh2 Kg7 45. Qd2 e5 46. Qd1 Qf5
47. fxe5 fxe5 48. Qe2 e4 49. Kg2 Qe5 50. Qe3 Qe6 51. Qd4+ Kh7 52. Qe3 Qa2+ 53.
Kh3 Qb1 54. Kg4 Qd3 55. Qf2 Qd5 56. Kf4 f6 57. Qb2 Kg6 58. g4 Kg7 59. Qc3 Qb7
60. g5 Qb8+ 61. Kxe4 Qb1+ 62. Kf4 Qf1+ 63. Qf3 Qc1+ 64. Kg3 hxg5 65. hxg5 Qxg5+
66. Qg4 Kh6 67. Kf3 Qd5+ 68. Kf4 Qd4+ 69. Kf3 Qd1+ 70. Kf4 Qf1+ 71. Ke4 Qb1+ 72.
Kf3 Qh1+ 73. Kf4 Qh2+ 74. Kf3 Qh1+ 75. Kf4 Qc1+ 76. Kf5 Qc8+ 77. Kf4 Qc7+ 78.
Kf3 Qc3+ 79. Kf4 Qd2+ 80. Kf5 Qd7+ 81. Kf4 Qd6+ 82. Kf3 Qc6+ 83. Kf4 Qd5 84.
Qh4+ Kg6 85. Qg4+ Kf7 86. Qf5 Qd4+ 87. Kf3 Qd1+ 88. Kf4 Qf1+ 89. Ke4 Qg2+ 90.
Kf4 Qf2+ 91. Ke4 Qh4+ 92. Kf3 Qh1+ 93. Kf4 Qc1+ 94. Kf3 Qc6+ 95. Kf4 Qc4+ 96.
Kf3 Qc3+ 97. Kf4 Qc1+ 98. Kf3 Qd1+ 99. Kf4 Qf1+ 100. Ke4 Qh1+ 101. Kf4 Kg7 102.
Qg4+ Kh6 103. Kf5 Qf1+ 104. Qf4+ 1/2-1/2